ZTM Gdańsk - N14 - Statystyki

Ogólne statystyki
  • Ten quiz został rozwiązany 11 razy
    5 od ostatniego zresetowania
  • Średni wynik to 34 z 48
Statystyki odpowiedzi
Ulica Przystanek % Poprawnych
Zwycięstwa Brama Oliwska
100%
Wały Jagiellońskie Brama Wyżynna
100%
Sikorskiego Chałubińskiego
100%
Witosa Cieszyńskiego
100%
Armii Krajowej Drwęcka
100%
Podwale Grodzkie Dworzec Główny
100%
Grunwaldzka Galeria Bałtycka
100%
Grunwaldzka Jaśkowa Dolina
100%
Kołobrzeska Kołobrzeska
100%
Kołobrzeska Krynicka
100%
Świętokrzyska Niepołomicka
100%
Armii Krajowej Odrzańska
100%
Zwycięstwa Opera Bałtycka
100%
Świętokrzyska Orląt Lwowskich
100%
Havla Płocka
100%
Armii Krajowej Pohulanka
100%
Havla Przemyska
100%
Kołobrzeska Przymorze SKM
100%
Witosa Sikorskiego
100%
Wita Stwosza Strzyża PKM
100%
Kołobrzeska Szczecińska
100%
Grunwaldzka Teatr Miniatura / Radio Gdańsk
100%
Zwycięstwa Uniwersytet Medyczny
100%
Łostowicka Wilanowska
100%
Havla Wilanowska
100%
Wita Stwosza Wilka-Krzyżanowskiego
100%
Grunwaldzka Wojska Polskiego
100%
Wojska Polskiego Zamenhofa
100%
Obrońców Wybrzeża Chłopska
50%
Chłopska Czerwony Dwór
50%
Kolorowa Kolorowa
50%
Obrońców Wybrzeża Obrońców Wybrzeża
50%
Ofiar Grudnia 1970r. Olimpijska
50%
Chłopska Piastowska
50%
Chłopska Pomorska
50%
Pomorska Pomorska - Osiedle
50%
Niepołomicka Przebiśniegowa
50%
Niepołomicka Srebrna
50%
Pastelowa Topazowa
50%
Subisława Żabianka SKM
50%
Ofiar Grudnia 1970r. Barzychowskiej
0%
Kaczyńskiego Biały Dwór
0%
Srebrna Knyszyńska
0%
Łucznicza Łucznicza
0%
Kołobrzeska Olsztyńska
0%
Kołobrzeska Opolska
0%
Łucznicza Podleckiego
0%
Obrońców Wybrzeża Przymorze Wielkie
0%
Nie znaleziono quizów pasujących do podanych kryteriów
Rozkład punktacji
Procent ludzi z każdym wynikiem
Percentyl według liczby udzielonych odpowiedzi
Twoja historia wyników
Nie rozwiązałeś tego quizu od ostatniego zresetowania